Evaluating e-learning /

Guardado en:
Autor Principal: Horton, William K.
Formato: Libro
Idioma:English
Publicado: Alexandria, VA : ASTD (American Society for Training & Development), c2001.
Materias:
Etiquetas: Agregar Etiqueta
Sin Etiquetas, Sea el primero en etiquetar este registro!
LEADER 00938cam a22002657a 4500
001 EUN.eunm001056
008 020507s2001####vaua#####b####001#0#eng#d
005 20260327101836.0
245 1 0 |a Evaluating e-learning /  |c William Horton. 
260 |a Alexandria, VA :  |b ASTD (American Society for Training & Development),  |c c2001. 
300 |a vii, 125 p. :  |b il. ;  |c 25 cm. 
504 |a Incluye referencias bibliográficas (p. 121-124). 
020 |a 1562863002 
100 1 |a Horton, William K.  |q (William Kendall) 
082 0 4 |a 371.334  |2 21 
082 0 4 |a 658.3124  |2 21 
650 7 |a Educación.  |2 unbist 
650 7 |a Enseñanza a distancia.  |2 unbist 
650 7 |a Enseñanza asistida por ordenador.  |2 abne 
650 7 |a Formación en la empresa.  |2 Isoc 
650 7 |a Internet.  |2 unbist 
010 |a  2001117681 
040 |a NT0  |c NT0  |d DLC 
050 0 0 |a LB1044.87  |b .H69 2001 
859 |a AR-BaUNS  |b BIB. CENTRAL - Uso interno S  |h 371.334  |i H789-1  |p 117051/006